[Event "Wch U12"]
[Site "Batumi"]
[Date "2022.09.26"]
[Round "10"]
[White "Ermias, Caleb Yared"]
[Black "Tsetskhladze, Shota"]
[Result "1-0"]
[WhiteElo "1402"]
[BlackElo "1166"]
[PlyCount "73"]
[EventDate "2022.09.16"]
[EventType "swiss"]
[EventRounds "11"]
[EventCountry "GEO"]
[SourceTitle "EXT 2023"]
[Source "ChessBase"]
[SourceDate "2022.10.05"]
[SourceVersion "1"]
[SourceVersionDate "2022.10.05"]
[SourceQuality "1"]

1. e4 c5 2. Nf3 Nc6 3. d4 cxd4 4. Nxd4 g6 5. c4 Bg7 6. Be3 Nf6 7. Nc3 Ng4 8. Qxg4 Nxd4 9. Qd1 e5 10. Be2 0-0 11. 0-0 d6 12. Nb5 Qb6 13. Bxd4 exd4 14. Qb3 a6 15. Na3 Qxb3 16. axb3 Re8 17. Bd3 Be6 18. f4 f5 19. exf5 Bxf5 20. Bxf5 gxf5 21. Rfe1 Kf7 22. Kf2 Bf6 23. Rxe8 Rxe8 24. Re1 Re6 25. Rxe6 Kxe6 26. Ke2 Kd7 27. Kd3 Kc6 28. Nc2 b5 29. Nxd4+ Bxd4 30. Kxd4 b4 31. h3 h5 32. h4 a5 33. g3 Kc7 34. Kd5 Kd7 35. c5 dxc5 36. Kxc5 Ke6 37. Kc6 1-0

[Event "Wch U12"]
[Site "Batumi"]
[Date "2022.09.17"]
[Round "2"]
[White "Ermias, Caleb Yared"]
[Black "Syzdyk, Samir"]
[Result "0-1"]
[WhiteElo "1402"]
[BlackElo "1470"]
[PlyCount "80"]
[EventDate "2022.09.16"]
[EventType "swiss"]
[EventRounds "11"]
[EventCountry "GEO"]
[SourceTitle "EXT 2023"]
[Source "ChessBase"]
[SourceDate "2022.10.05"]
[SourceVersion "1"]
[SourceVersionDate "2022.10.05"]
[SourceQuality "1"]

1. e4 c5 2. Nf3 d6 3. d4 cxd4 4. Nxd4 Nf6 5. Nc3 Nc6 6. Bg5 e6 7. Qd2 Be7 8. 0-0-0 0-0 9. Ndb5 Qa5 10. f4 Rd8 11. h3 a6 12. Nd4 h6 13. Nb3 Qb6 14. Bxf6 Bxf6 15. g4 d5 16. e5 Nxe5 17. g5 Be7 18. gxh6 Nc4 19. Qd4 Qxd4 20. Nxd4 gxh6 21. Bxc4 dxc4 22. Nde2 Bd7 23. Nd4 b5 24. a3 Be8 25. Rhe1 Bf6 26. Re4 Rd6 27. Nce2 Rad8 28. c3 Bc6 29. Re3 a5 30. Rg3+ Kf8 31. Rgg1 Be8 32. Nf3 Rxd1+ 33. Rxd1 Rxd1+ 34. Kxd1 Ke7 35. Kc2 Kd6 36. b4 cxb3+ 37. Kxb3 Bc6 38. Ned4 Bd5+ 39. Kc2 Be4+ 40. Kb3 Kd5 0-1